000 00949nam a2200289 4500
001 0000023579
003 CO-CtgCURN
005 20250331184426.0
007 ta
008 160627s2011 000 0 eng d
020 _a9789586539203
040 _aCO-CtgCURN
_bspa
_ccoctgcurn
082 0 _a342.0878
_bC279
100 1 _aCastro Pinzon, Cristina.
245 1 0 _aGuia del aborto no punible /
_cCristina Castro Pinzon, Claudia Rodríguez Orrego.
260 _aBogotá :
_bLegis,
_c2011.
300 _a154 p.
336 _2rdacontent
337 _2rdamedia
_asin mediacion
_bn
338 _2rdacarrier
_avolumen
_bnc
505 8 _aDesarrollo juridico del aborto en el mundo y en Colombia.--Despenalizacion parcial del aborto
650 1 4 _aJurisprudencia.
700 1 _aRodríguez Orrego, Claudia.
908 _a160627
942 _cBK
_h342.0878
_iC279
_2ddc
999 _c19239
_d19239